General UK Fire Service Ranks - Statistics

General Stats
  • This quiz has been taken 4 times
  • The average score is 4 of 9
Answer Stats
Hint Answer % Correct
9) Firefighter
100%
1) Chief Fire Officer
67%
2) Deputy Chief Fire Officer
67%
4) Area Manager
33%
3) Assistant Chief Fire Officer
33%
8) Crew Manager
33%
6) Station Manager
33%
5) Group Manager
0%
7) Watch Manager
0%
No matching quizzes found
Score Distribution
Percent of People with Each Score
Percentile by Number Answered
Your Score History
You have not taken this quiz